Music Quiz

Random Music or The Beatles Quiz

'Yesterday' or Not Quiz Stats

 Plays Quiz Updated Jan 27, 2013

Challenge
Share
Tweet
Embed
Score 0/59 Timer 05:00
4 Plays Today
% Correct
Yesterday
96.2%
Away
95%
I
94.6%
All
91.4%
To
90.6%
Troubles
90.1%
Believe
89.1%
Far
88.3%
Seemed
88.1%
Now
87.8%
So
86.2%
My
85.9%
Suddenly
85.5%
In
85.1%
Oh
84.7%
She
84.1%
Why
82.8%
Go
82.4%
Don't
80.3%
Know
79.9%
Had
79.7%
Say
79.2%
Stay
79.2%
Something
78.3%
Be
78%
A
78%
I'm
77.8%
Long
77.3%
Wrong
76.6%
Wouldn't
75.8%
% Correct
Used
75.7%
Man
74.6%
The
74.5%
For
74.2%
Here
74.1%
Not
73.3%
Half
72.4%
Said
71.6%
Over
70.2%
It
69.8%
Me
68.6%
There's
68.3%
As
67.7%
Hanging
67.4%
Shadow
67%
They're
66.4%
Play
63%
Game
62.9%
Love
62.9%
Easy
62.8%
An
62.4%
Looks
62%
Though
61.5%
Was
61.5%
Came
60.6%
Such
58.7%
Hide
57.4%
Need
54%
Place
50.7%

You're not logged in!

Compare scores with friends on all Sporcle quizzes.
Join for Free
OR
Log In

You Might Also Like...

Show Comments

Extras

Top Quizzes Today


Score Distribution

Your Account Isn't Verified!

In order to create a playlist on Sporcle, you need to verify the email address you used during registration. Go to your Sporcle Settings to finish the process.

Report this User

Report this user for behavior that violates our Community Guidelines.

Details: